[Event "Split op 10th"]
[Site "Split"]
[Date "2021.08.01"]
[Round "3"]
[White "Djukin, Marko"]
[Black "Horvat, Damjan"]
[Result "1/2-1/2"]
[WhiteElo "2024"]
[BlackElo "2167"]
[PlyCount "64"]
[EventDate "2021.07.31"]
[EventType "swiss"]
[EventRounds "9"]
[EventCountry "CRO"]
[SourceTitle "EXT 2022"]
[Source "ChessBase"]
[SourceDate "2021.10.06"]
[SourceVersion "1"]
[SourceVersionDate "2021.10.06"]
[SourceQuality "1"]

1. e4 c5 2. Nf3 d6 3. Bb5+ Nd7 4. d4 cxd4 5. Qxd4 a6 6. Bxd7+ Bxd7 7. c4 e5 8. Qd3 h6 9. Nc3 Nf6 10. 0-0 Be7 11. h3 0-0 12. Be3 Qa5 13. b4 Qc7 14. Rfc1 Rac8 15. Nd5 Nxd5 16. cxd5 Qb8 17. Bb6 f5 18. Nd2 Bg5 19. Be3 f4 20. Bb6 Bd8 21. Bxd8 Rfxd8 22. Qa3 Qa7 23. Rxc8 Rxc8 24. Rc1 Qd4 25. Rxc8+ Bxc8 26. Qc1 Bd7 27. Qc7 Bxh3 28. gxh3 Qxd2 29. Qc8+ Kh7 30. Qf5+ Kh8 31. Qc8+ Kh7 32. Qf5+ Kg8 1/2-1/2

[Event "FIDE World Uni Rapid-E 1st"]
[Site "Tornelo INT"]
[Date "2021.03.20"]
[Round "5"]
[White "Khrapko, Marharyta"]
[Black "Djukin, Marko"]
[Result "1/2-1/2"]
[WhiteElo "2049"]
[BlackElo "2011"]
[PlyCount "149"]
[EventDate "2021.03.20"]
[EventType "swiss (rapid)"]
[EventRounds "12"]
[EventCountry "NET"]
[SourceTitle "EXT 2022"]
[Source "ChessBase"]
[SourceDate "2021.10.06"]
[SourceVersion "1"]
[SourceVersionDate "2021.10.06"]
[SourceQuality "1"]

1. e4 c6 2. d4 d5 3. e5 Bf5 4. h4 h5 5. Bd3 Bxd3 6. Qxd3 Qa5+ 7. Nd2 e6 8. Ngf3 c5 9. c4 dxc4 10. Qxc4 cxd4 11. Qc8+ Qd8 12. Qxb7 Nd7 13. Ne4 Qc8 14. Qb5 Rb8 15. Qa4 Qb7 16. Qxd4 Qb4+ 17. Qxb4 Rxb4 18. Neg5 Ne7 19. b3 Ng6 20. Bb2 f6 21. Nxe6 Ndxe5 22. Nxe5 Nxe5 23. 0-0-0 Kf7 24. Nxf8 Rxf8 25. f3 Ke6 26. Kb1 Rc8 27. Ba3 Rb7 28. Rhe1 Kf5 29. Rc1 Rbc7 30. Rxc7 Rxc7 31. Re4 Rd7 32. Kc2 g5 33. hxg5 fxg5 34. Bc1 g4 35. Rf4+ Ke6 36. fxg4 Rc7+ 37. Kd2 Rxc1 38. Ra4 Rg1 39. gxh5 Rxg2+ 40. Ke3 Nc6 41. b4 Rg7 42. Ke4 Rg4+ 43. Kf3 Rxb4 44. Ra6 Rb6 45. Ra4 Kf5 46. Rh4 Kg5 47. Rh2 Kh6 48. Ke4 Rb5 49. Rc2 Rb6 50. Rc5 a6 51. a4 Ne7 52. Re5 Ng8 53. a5 Rc6 54. Kd5 Rf6 55. Re8 Kg7 56. Rb8 Nh6 57. Rb6 Ng4 58. Kc5 Rf5+ 59. Kb4 Rxh5 60. Rxa6 Kf7 61. Rc6 Ne5 62. Rc7+ Ke6 63. a6 Kd6 64. Rc8 Kd7 65. Rc2 Rh8 66. Ka5 Rb8 67. a7 Ra8 68. Kb6 Nc6 69. Rd2+ Kc8 70. Rc2 Kd7 71. Rd2+ Kc8 72. Kxc6 Rxa7 73. Rh2 Ra6+ 74. Kb5 Rg6 75. Rh7 1/2-1/2

[Event "CRO-ch U17/U19"]
[Site "Vinkovci"]
[Date "2019.07.27"]
[Round "8"]
[White "Djukin, Marko"]
[Black "Borzan, Andrej"]
[Result "1/2-1/2"]
[WhiteElo "1981"]
[BlackElo "1897"]
[PlyCount "78"]
[EventDate "2019.07.22"]
[EventType "swiss"]
[EventRounds "9"]
[EventCountry "CRO"]
[SourceTitle "EXT 2020"]
[Source "ChessBase"]
[SourceDate "2019.10.17"]
[SourceVersion "1"]
[SourceVersionDate "2019.10.17"]
[SourceQuality "1"]

1. e4 e5 2. Nf3 Nf6 3. Nc3 Nc6 4. Bc4 Bc5 5. d3 h6 6. h3 d6 7. a3 Be6 8. Nd5 Bxd5 9. Bxd5 Nxd5 10. exd5 Ne7 11. c4 a5 12. d4 exd4 13. Nxd4 0-0 14. 0-0 Ng6 15. b3 Qf6 16. Be3 Nf4 17. Nc2 Qg5 18. Qf3 Bxe3 19. Nxe3 Ng6 20. Qf5 Qxf5 21. Nxf5 Rfe8 22. Rfe1 Ne5 23. Re3 Kf8 24. a4 h5 25. Kf1 g6 26. Nd4 Nd7 27. Rae1 Nc5 28. Nb5 Rxe3 29. Rxe3 Re8 30. Rxe8+ Kxe8 31. Nxc7+ Ke7 32. Nb5 Nxb3 33. Ke2 Nc5 34. Nc3 f5 35. h4 Kf6 36. Ke3 Ke5 37. g3 Kf6 38. Kf4 Nd3+ 39. Ke3 Nc5 1/2-1/2

[Event "CRO-ch U17/U19"]
[Site "Vinkovci"]
[Date "2019.07.25"]
[Round "6"]
[White "Tomulic, Teo"]
[Black "Djukin, Marko"]
[Result "1/2-1/2"]
[WhiteElo "2327"]
[BlackElo "1981"]
[PlyCount "129"]
[EventDate "2019.07.22"]
[EventType "swiss"]
[EventRounds "9"]
[EventCountry "CRO"]
[SourceTitle "EXT 2020"]
[Source "ChessBase"]
[SourceDate "2019.10.17"]
[SourceVersion "1"]
[SourceVersionDate "2019.10.17"]
[SourceQuality "1"]

1. e4 e5 2. Nf3 Nc6 3. Bb5 a6 4. Ba4 Nf6 5. 0-0 Be7 6. Re1 b5 7. Bb3 0-0 8. c3 d6 9. h3 Na5 10. Bc2 c5 11. d4 Qc7 12. Nbd2 cxd4 13. cxd4 Bb7 14. d5 Rac8 15. Bd3 Nd7 16. Nf1 f5 17. exf5 Bxd5 18. Ng3 Bb7 19. Bd2 Nc5 20. Bc2 Nc4 21. Bc3 a5 22. a3 a4 23. Ne4 Nxe4 24. Bxe4 Bxe4 25. Rxe4 Qb7 26. Qb1 d5 27. Rg4 d4 28. Bd2 Nxd2 29. Nxd2 Qd7 30. Nf3 Qxf5 31. Qa2+ Kh8 32. Re1 Rc4 33. Rge4 Bd6 34. b3 Rc1 35. Rxc1 Qxe4 36. bxa4 bxa4 37. Qe6 Qg6 38. Qd5 h6 39. Nxe5 Bxe5 40. Qxe5 d3 41. Qd4 Qf5 42. Rd1 Rb8 43. Qxd3 Qxd3 44. Rxd3 Rb1+ 45. Kh2 Rb3 46. Re3 Kh7 47. Kg3 Kg6 48. Kf4 Rb2 49. Rf3 Kf6 50. Ke4+ Ke6 51. Kd4 g5 52. g4 Rc2 53. Rf5 Ra2 54. Rf3 Rb2 55. Kc4 Ke5 56. Rf5+ Ke4 57. Rf6 Rb3 58. Rxh6 Rxa3 59. Re6+ Kf3 60. Rf6+ Kg2 61. Kb4 Rxh3 62. Kxa4 Rf3 63. Rf5 Kxf2 64. Rxg5 Kg3 65. Rb5 1/2-1/2

[Event "CRO-chT U20 26th"]
[Site "Sv Filip i Jakov"]
[Date "2018.04.06"]
[Round "7.3"]
[White "Djukin, Marko"]
[Black "Kanizaj, Benjamin"]
[Result "1-0"]
[WhiteElo "1896"]
[BlackElo "1940"]
[PlyCount "45"]
[EventDate "2018.04.03"]
[EventType "team-swiss"]
[EventRounds "11"]
[EventCountry "CRO"]
[SourceTitle "CBM 184 Extra"]
[Source "ChessBase"]
[SourceDate "2018.06.28"]
[SourceVersion "1"]
[SourceVersionDate "2018.06.28"]
[SourceQuality "1"]

1. e4 c5 2. Nf3 d6 3. d4 cxd4 4. Nxd4 Nf6 5. Nc3 e6 6. g4 h6 7. h4 Nc6 8. Rg1 h5 9. gxh5 Nxh5 10. Bg5 Be7 11. Bxe7 Qxe7 12. Ndb5 Kd7 13. Bh3 Nf4 14. Nd5 Nxd5 15. exd5 Rxh4 16. dxc6+ bxc6 17. Qf3 Rxh3 18. Qxh3 cxb5 19. Qf3 Rb8 20. Rxg7 Ke8 21. 0-0-0 Rb6 22. Rh1 Qf8 23. Rh8 1-0

[Event "CRO-chT U20 26th"]
[Site "Sv Filip i Jakov"]
[Date "2018.04.05"]
[Round "5.7"]
[White "Djukin, Marko"]
[Black "Baric, Marko"]
[Result "1-0"]
[WhiteElo "1896"]
[BlackElo "1638"]
[PlyCount "89"]
[EventDate "2018.04.03"]
[EventType "team-swiss"]
[EventRounds "11"]
[EventCountry "CRO"]
[SourceTitle "CBM 184 Extra"]
[Source "ChessBase"]
[SourceDate "2018.06.28"]
[SourceVersion "1"]
[SourceVersionDate "2018.06.28"]
[SourceQuality "1"]

1. e4 e5 2. Nf3 Nc6 3. Bb5 a6 4. Ba4 Nf6 5. 0-0 Be7 6. Re1 b5 7. Bb3 Bb7 8. c3 d6 9. d3 0-0 10. Nbd2 Re8 11. Nf1 Na5 12. Bc2 c5 13. Bg5 h6 14. Bh4 Nh7 15. Bxe7 Qxe7 16. Ne3 Ng5 17. Nf5 Qf6 18. Nxg5 hxg5 19. Re3 Bc8 20. g4 Bxf5 21. gxf5 Qh6 22. Qg4 g6 23. Rh3 gxf5 24. Qxf5 Qg6 25. Qxg6+ fxg6 26. Rg3 Kg7 27. Rxg5 Rh8 28. Kh1 Raf8 29. Rag1 Rxf2 30. Rxg6+ Kf7 31. Rg7+ Kf8 32. R7g2 Rf3 33. Re2 Rfh3 34. Rg6 Nb7 35. Bb3 Rxd3 36. Bd5 Rh7 37. Rf2+ Ke8 38. Rg8+ Ke7 39. Bxb7 a5 40. Bc6 Rd1+ 41. Kg2 d5 42. Bxd5 Re1 43. Rg6 Rh8 44. Rf7+ Ke8 45. Ra6 1-0

[Event "CRO-chT U16 final"]
[Site "Djurdjevac"]
[Date "2016.12.28"]
[Round "4.23"]
[White "Cigrovski, Jakov"]
[Black "Djukin, Marko"]
[Result "0-1"]
[WhiteElo "1728"]
[BlackElo "1707"]
[PlyCount "156"]
[EventDate "2016.12.27"]
[EventType "team-tourn"]
[EventRounds "7"]
[EventCountry "CRO"]
[SourceTitle "EXT 2019"]
[Source "ChessBase"]
[SourceDate "2018.10.10"]
[SourceVersion "1"]
[SourceVersionDate "2018.10.10"]
[SourceQuality "1"]

1. Nf3 Nf6 2. g3 d5 3. Bg2 c6 4. 0-0 Bg4 5. d3 Nbd7 6. Nbd2 e5 7. c4 Bc5 8. cxd5 cxd5 9. Ne1 0-0 10. Nc2 Re8 11. b4 Bb6 12. Nb3 a5 13. bxa5 Bxa5 14. Nxa5 Qxa5 15. Bd2 Qa4 16. f3 Be6 17. Nb4 Qxd1 18. Rfxd1 Nc5 19. Rdc1 Rec8 20. Rc2 Nb3 21. Rxc8+ Bxc8 22. Rd1 Nxd2 23. Rxd2 Ra4 24. Rb2 Kf8 25. Kf2 Ke7 26. Ke1 Kd6 27. Kd2 Kc5 28. Kc3 Be6 29. Nc2 d4+ 30. Kd2 Rxa2 31. Rxb7 Nd5 32. f4 Rxc2+ 33. Kxc2 Ne3+ 34. Kd2 Nxg2 35. fxe5 Ne3 36. Rb1 Ng4 37. h4 Nxe5 38. e3 dxe3+ 39. Kxe3 Nxd3 40. Ra1 Nb4 41. Kf4 Kd6 42. Rd1+ Nd5+ 43. Ke4 Ke7 44. Ra1 Nf6+ 45. Ke3 Ng4+ 46. Kf4 Kf6 47. Ra5 Nf2 48. Kf3 Nd3 49. Ke4 Nb4 50. Kf3 Nd5 51. Ra3 Ke5 52. Ra4 h5 53. Kf2 Nc3 54. Ra5+ Bd5 55. Ra3 Ne4+ 56. Kg1 Kf5 57. Kh2 Kg4 58. Rd3 Be6 59. Ra3 Bf5 60. Rd3 Nf2 61. Re3 g5 62. hxg5 Kxg5 63. Ra3 Ng4+ 64. Kg2 Be4+ 65. Kh3 Nf2+ 66. Kh2 h4 67. gxh4+ Kxh4 68. Kg1 Nd3 69. Ra7 f5 70. Rf7 Kg3 71. Rg7+ Kf3 72. Kf1 f4 73. Rg8 Ke3 74. Rf8 f3 75. Rxf3+ Kxf3 76. Kg1 Kg3 77. Kf1 Bf3 78. Kg1 Be2 0-1

[Event "CRO-ch U17"]
[Site "Vinkovci"]
[Date "2016.07.29"]
[Round "7"]
[White "Djukin, Marko"]
[Black "Ristanic, Petar"]
[Result "0-1"]
[WhiteElo "1603"]
[BlackElo "1783"]
[PlyCount "74"]
[EventDate "2016.07.25"]
[EventType "swiss"]
[EventRounds "9"]
[EventCountry "CRO"]
[SourceTitle "CBM 173 Extra"]
[Source "ChessBase"]
[SourceDate "2016.08.29"]
[SourceVersion "1"]
[SourceVersionDate "2016.08.29"]
[SourceQuality "1"]

1. e4 d5 2. exd5 Nf6 3. d4 Nxd5 4. c4 Nf6 5. Nc3 Bf5 6. Nf3 e6 7. Be3 Be7 8. Bd3 Bg6 9. 0-0 Nc6 10. a3 Bh5 11. Be2 0-0 12. b4 a6 13. Qd2 Na7 14. Rfd1 c6 15. Ne5 Bxe2 16. Qxe2 b5 17. d5 Qc7 18. Bxa7 Rxa7 19. Nxc6 Raa8 20. Nxe7+ Qxe7 21. cxb5 axb5 22. Nxb5 Rfc8 23. d6 Qd7 24. Nc7 Ra7 25. Qb5 Raxc7 26. dxc7 Qxb5 27. Rd8+ Qe8 28. Rxe8+ Nxe8 29. a4 Rxc7 30. b5 Rb7 31. Kf1 Nc7 32. a5 Rxb5 33. a6 Rb8 34. a7 Ra8 35. Rb1 Na6 36. Rc1 g6 37. Rc6 Rxa7 0-1

[Event "CRO-ch U17"]
[Site "Vinkovci"]
[Date "2016.07.28"]
[Round "5"]
[White "Kanizaj, Benjamin"]
[Black "Djukin, Marko"]
[Result "1-0"]
[WhiteElo "1762"]
[BlackElo "1603"]
[PlyCount "89"]
[EventDate "2016.07.25"]
[EventType "swiss"]
[EventRounds "9"]
[EventCountry "CRO"]
[SourceTitle "CBM 173 Extra"]
[Source "ChessBase"]
[SourceDate "2016.08.29"]
[SourceVersion "1"]
[SourceVersionDate "2016.08.29"]
[SourceQuality "1"]

1. e4 e5 2. Nf3 Nc6 3. d4 exd4 4. Nxd4 Nf6 5. Nxc6 bxc6 6. e5 Qe7 7. Qe2 Nd5 8. c4 Ba6 9. b3 Qh4 10. Bb2 Bb4+ 11. Nd2 Nc3 12. Bxc3 Bxc3 13. Rc1 Qd4 14. f4 Bb4 15. g3 Qb2 16. Rd1 Qxa2 17. Bh3 0-0 18. 0-0 Bxd2 19. Qxd2 Qxb3 20. Bxd7 Bxc4 21. Rfe1 Rad8 22. Qe3 Qxe3+ 23. Rxe3 Be6 24. Red3 Rxd7 25. Rxd7 Bxd7 26. Rxd7 Rc8 27. Kf2 Kf8 28. Ke3 g6 29. e6 Re8 30. Rxf7+ Kg8 31. Rxc7 Rxe6+ 32. Kf3 a5 33. Ra7 h5 34. Rxa5 Rd6 35. Ke4 Kf7 36. f5 Rd2 37. fxg6+ Kxg6 38. h4 Rd5 39. Ra6 Rc5 40. Kd4 Rc1 41. Ke5 Rc5+ 42. Kd6 Rc3 43. Ra8 Rxg3 44. Rg8+ Kf5 45. Rxg3 1-0

[Event "CRO-ch U17"]
[Site "Vinkovci"]
[Date "2016.07.27"]
[Round "4"]
[White "Djukin, Marko"]
[Black "Salai, Nino"]
[Result "1-0"]
[WhiteElo "1603"]
[BlackElo "1490"]
[PlyCount "81"]
[EventDate "2016.07.25"]
[EventType "swiss"]
[EventRounds "9"]
[EventCountry "CRO"]
[SourceTitle "CBM 173 Extra"]
[Source "ChessBase"]
[SourceDate "2016.08.29"]
[SourceVersion "1"]
[SourceVersionDate "2016.08.29"]
[SourceQuality "1"]

1. e4 c5 2. Nf3 e6 3. d4 cxd4 4. Nxd4 Nc6 5. Nb5 a6 6. Nd6+ Bxd6 7. Qxd6 h6 8. Nc3 b5 9. Be3 Nf6 10. Bd3 Bb7 11. Bc5 Rc8 12. f3 Qc7 13. Qxc7 Rxc7 14. Bd6 Rc8 15. 0-0-0 Ba8 16. a4 b4 17. Bxa6 bxc3 18. Bxc8 cxb2+ 19. Kxb2 Nh7 20. Bc7 Na7 21. Rxd7 0-0 22. Ba6 Bc6 23. Rd8 Bxa4 24. Rxf8+ Nxf8 25. Rd1 Nc6 26. Ka3 Bxc2 27. Rc1 Nd4 28. Bb6 Bxe4 29. fxe4 Nc6 30. Rxc6 Nd7 31. Bd3 g5 32. Bd4 e5 33. Bc3 h5 34. Rd6 Nc5 35. Bxe5 h4 36. Rh6 f5 37. Bc4+ Kf8 38. Bd6+ Ke8 39. Bxc5 fxe4 40. Be6 Kd8 41. Bd6 1-0